000 00262nam a2200097Ia 4500
001 805682
005 20250826171157.0
008 250824s9999 xx 000 0 und d
245 0 _aSAATLERİ AYARLAMA ENSTİTÜSÜ
_cAHMET HAMDİ TANPINAR
260 _bDERGAH YAYINLARI
999 _c805682
_d805682